000 00649nam a2200241 i 4500
001 C2-0292548
003 PPAK
005 20180728024547.0
008 090107s1996 nyu |||| ||||| | eng d
020 _a1883011221
040 _aPPAK
_beng
_cPPAK
_erda
082 0 4 _a808.88
_223
090 0 0 _a808.88
_bTHU
_dLCK
100 1 _aThurber, James,
_eauthor
245 1 0 _aWritings and drawings
264 1 _aNew York :
_bThe Library of America ,
_c1996
300 _ax, 1004 pages ;
_c21 cm
336 _2rdacontent
_atext
337 _2rdamedia
_aunmediated
338 _2rdacarrier
_avolume
650 1 0 _aLiterature - Collections
942 _ddc
_cB
999 _c97412
_d97412